=LDR 00000nam 2200000 4500 =001 INLIS000000000030632 =005 20130612132747 =008 ***********************************ind** =035 ##$$0010-061300000030632 =041 ##$$a ind =082 ##$$a 811 =090 ##$$a 811, Wiz t =100 ##$$a Wizari,Faidul =245 ##$$a Tahajjud Cinta, Faidul Wizari =260 ##$$a 2008 $b Narmada Lombok Barat =300 ##$$a xvii, 233 hlm., 18 cm =650 ##$$a PUISI =850 ##$$a NBPNMAT =990 ##$$a 0001/BPAP-NTB/2015 =990 ##$$a 0001/BPAP-NTB/2015